000 00841nam a22002417a 4500
999 _c5589
_d5589
003 OSt
005 20251008134718.0
008 251008b ||||| |||| 00| 0 eng d
020 _a9781409591528
040 _cKH8
082 _aFIC STO
100 _aStowell, Louie,
_eauthor.
245 _aSaint George and the Dragon /
_cretold by Louie Stowell ; illustrated by John Joven.
260 _aEngland ;
_bUsborne Publishing Ltd ,
_c2012.
300 _a48 pages :
_bcolor illustrations ;
_c20 cm.
490 _aUsborne Young Reading
_vSeries one
520 _aThe legendary tale of a fire breathing dragon, a princess in peril and a bold knight who saves the day.
650 _aEasy reading
_vfiction
650 _aStory telling book
_vfiction
700 _aJoven, John,
_eillustrator.
830 _aUsborne Young Reading
942 _2ddc
_cFIC